Geography Quiz

Random Geography or World Quiz

Southern Countries Quiz Stats

Quiz Updated May 7, 2015

Also try: Northern Countries
Challenge
Share
Tweet
Embed
Score 0/30 Timer 06:00
1 Play Today
Rank Country % Correct
3Australia
98.4%
5South Africa
97.1%
2Argentina
97%
4New Zealand
96.9%
1Chile
96.7%
7Brazil
90.1%
6Uruguay
86.2%
10Paraguay
84.6%
22Peru
81.2%
14Madagascar
81%
8Lesotho
77.6%
16Zimbabwe
75.9%
15Bolivia
75.5%
19Fiji
72.7%
9Namibia
71.1%
Rank Country % Correct
11Swaziland
70.9%
13Mozambique
68.9%
23Zambia
68.8%
12Botswana
67.6%
24Angola
66%
30Papua New Guinea
58.8%
26Samoa
58.7%
27Democratic Republic of the Congo
55.4%
21Vanuatu
55.3%
17Tonga
55.3%
25Malawi
52%
28Solomon Islands
51.4%
20Mauritius
48%
29Comoros
45.6%
18France (RĂ©union)
30.2%

You're not logged in!

Compare scores with friends on all Sporcle quizzes.
Sign Up with Email
OR
Log In

You Might Also Like...

Show Comments

Extras

Top Quizzes Today


Score Distribution

Your Account Isn't Verified!

In order to create a playlist on Sporcle, you need to verify the email address you used during registration. Go to your Sporcle Settings to finish the process.